Moral auténtica y sus falsificaciones / (Registro nro. 80434)

Detalles MARC
000 -LEADER
campo de control de longitud fija 00763nam a2200217 i 4500
001 - NÚMERO DE CONTROL
campo de control 80434
003 - IDENTIFICADOR DE NÚMERO DE CONTROL
campo de control ES-MaACL
005 - FECHA Y HORA DE LA ÚLTIMA TRANSACCIÓN
campo de control 20250808002230.0
007 - CAMPO FIJO DE DESCRIPCIÓN FÍSICA--INFORMACIÓN GENERAL
campo de control de longitud fija t|
008 - DATOS DE LONGITUD FIJA--INFORMACIÓN GENERAL
campo de control de longitud fija 041028s1960 sp ||||1| spa d
100 1# - ENTRADA PRINCIPAL--NOMBRE DE PERSONA
Nombre de persona Hildebrand, Dietrich von,
Fechas asociadas al nombre 1889-1977
9 (RLIN) 63679
245 10 - MENCIÓN DEL TÍTULO
Título Moral auténtica y sus falsificaciones /
Mención de responsabilidad, etc. Dietrich von Hildebrand y Alice Jourdain ; [la tradujo del inglés Dionisio Garzón y Garzón].
260 ## - PUBLICACIÓN, DISTRIBUCIÓN, ETC.
Lugar de publicación, distribución, etc. Madrid :
Nombre del editor, distribuidor, etc. Guadarrama,
Fecha de publicación, distribución, etc. [1960]
300 ## - DESCRIPCIÓN FÍSICA
Extensión 289 p. ;
Dimensiones 19 cm.
490 1# - MENCIÓN DE SERIE
Mención de serie Cristianismo y hombre actual
700 1# - ENTRADA AGREGADA--NOMBRE PERSONAL
Nombre de persona Jourdain, Alice.
9 (RLIN) 67026
700 1# - ENTRADA AGREGADA--NOMBRE PERSONAL
Nombre de persona Garzón y Garzón, Dionisio.
9 (RLIN) 55829
830 00 - PUNTO DE ACCESO ADICIONAL DE SERIE-TÍTULO UNIFORME
Título uniforme Cristianismo y hombre actual
9 (RLIN) 181461
852 ## - LOCALIZACIÓN
Ubicación ES-MaACL
Número de control de estantería C-17997
Sublocalización o colección R.45920
Existencias
Estatus retirado Estado de pérdida Estado de daño No para préstamo Biblioteca de origen Biblioteca actual Ubicación en estantería Fecha de adquisición Fuente de adquisición Total de préstamos Signatura topográfica completa Código de barras Visto por última vez Precio de reemplazo Tipo de ítem Koha
        Biblioteca del Ateneo de Madrid Biblioteca del Ateneo de Madrid Galería 17/01/2008     C-17997 1084095 23/02/2023 23/02/2023 Libro impreso